[Event "SVK Club Cup"]
[Site "Kremnica"]
[Date "2021.09.17"]
[Round "4.9"]
[White "Schwarz, Dusan"]
[Black "Kraml, Maros"]
[Result "1-0"]
[WhiteElo "2297"]
[BlackElo "1917"]
[PlyCount "115"]
[EventDate "2021.09.15"]
[EventType "team-tourn"]
[EventRounds "7"]
[EventCountry "SVK"]
[SourceTitle "CBM 204 Extra"]
[Source "ChessBase"]
[SourceDate "2021.11.30"]
[SourceVersion "1"]
[SourceVersionDate "2021.11.30"]
[SourceQuality "1"]
[WhiteTeam "Modra II"]
[BlackTeam "Kremnica Postoj"]
[WhiteTeamCountry "SVK"]
[BlackTeamCountry "SVK"]

1. d4 g6 2. c4 Bg7 3. Nc3 Nf6 4. e4 d6 5. h3 0-0 6. Be3 e5 7. d5 h6 8. g4 Kh7 9. Bd3 b6 10. Nge2 Na6 11. Ng3 Nc5 12. Bc2 a5 13. g5 Ng8 14. h4 f6 15. Qd2 Bg4 16. gxh6 Bxh6 17. h5 g5 18. Bd1 Bxd1 19. Nxd1 Qd7 20. Qe2 Ne7 21. Nc3 Rg8 22. 0-0-0 Kh8 23. Kb1 Raf8 24. Qc2 Kh7 25. b3 Kh8 26. Kb2 f5 27. exf5 Nxf5 28. Nxf5 Qxf5 29. Qxf5 Rxf5 30. a3 Kh7 31. b4 Nb7 32. Ne4 g4 33. Rde1 Bxe3 34. Rxe3 Kh6 35. Kb3 Rg7 36. Ka4 axb4 37. axb4 Rxh5 38. Rxh5+ Kxh5 39. Nf6+ Kh4 40. Rg3 Nd8 41. Kb5 Rg6 42. Ne8 Rg8 43. Nf6 Rg6 44. Ne4 Rg7 45. f3 Rg6 46. Rg1 Kh3 47. fxg4 Kh2 48. Rg3 Nf7 49. g5 Nd8 50. Ka6 c6 51. Kxb6 cxd5 52. cxd5 Rg7 53. g6 Rb7+ 54. Ka6 Rg7 55. Rg5 Kh3 56. Nf6 Kh4 57. Rg1 Nf7 58. Ne8 1-0

[Event "SVK-chT2C 1920"]
[Site "Slovakia"]
[Date "2019.12.15"]
[Round "6.8"]
[White "Kraml, Maros"]
[Black "Tesar, Viliam"]
[Result "0-1"]
[WhiteElo "1899"]
[BlackElo "1717"]
[PlyCount "150"]
[EventDate "2019.10.26"]
[EventType "team-tourn"]
[EventRounds "11"]
[EventCountry "SVK"]
[SourceTitle "CBM 194 Extra"]
[Source "ChessBase"]
[SourceDate "2020.03.31"]
[SourceVersion "1"]
[SourceVersionDate "2020.03.31"]
[SourceQuality "1"]
[WhiteTeam "Zvolen Slavia"]
[BlackTeam "Detva"]
[WhiteTeamCountry "SVK"]
[BlackTeamCountry "SVK"]

1. e4 c6 2. d4 d5 3. Nd2 dxe4 4. Nxe4 Nf6 5. Nxf6+ exf6 6. Nf3 Bd6 7. Be2 0-0 8. 0-0 Re8 9. c3 Nd7 10. b3 Nf8 11. Bd3 Bg4 12. h3 Bh5 13. g4 Bg6 14. Kg2 Qe7 15. Re1 Qd7 16. Bxg6 Nxg6 17. Rxe8+ Rxe8 18. Qd3 Qe6 19. Be3 Bf4 20. Re1 Qd5 21. Bxf4 Rxe1 22. Bg3 Re8 23. c4 Qe4 24. Qd2 Rd8 25. a4 b6 26. Qc3 h6 27. Qb2 Re8 28. Qc3 Nf4+ 29. Bxf4 Qxf4 30. a5 f5 31. gxf5 Qxf5 32. axb6 axb6 33. b4 Re6 34. Ne5 c5 35. bxc5 bxc5 36. Qf3 Qxf3+ 37. Nxf3 cxd4 38. Nxd4 Re4 39. Nf5 Rxc4 40. Ne3 Ra4 41. Nf5 Ra5 42. Ne3 g6 43. Nf1 Kg7 44. Ne3 h5 45. Nf1 Kf6 46. Ne3 Kg5 47. Nc4 Ra4 48. Nd6 f5 49. Nf7+ Kf6 50. Nd6 Ke6 51. Nb5 Ke5 52. Nc3 Rc4 53. Ne2 f4 54. h4 Ke4 55. f3+ Ke5 56. Kh3 Rc2 57. Nxf4 Kf5 58. Ng2 Ra2 59. Kg3 Ra3 60. Kf2 Ra2+ 61. Kg3 Re2 62. Kh3 Rb2 63. Kg3 Rb3 64. Kf2 g5 65. hxg5 Kxg5 66. Kg3 Ra3 67. Nh4 Ra4 68. Ng2 Ra1 69. f4+ Kg6 70. Nh4+ Kf6 71. Kf3 Rf1+ 72. Ke4 Rh1 73. Ng2 h4 74. Kf3 h3 75. Ne3 Rg1 0-1

[Event "SVK-chT2C 1920"]
[Site "Slovakia"]
[Date "2019.10.27"]
[Round "2.8"]
[White "Piovar, Jaroslav"]
[Black "Kraml, Maros"]
[Result "1/2-1/2"]
[WhiteElo "1549"]
[BlackElo "1899"]
[PlyCount "25"]
[EventDate "2019.10.26"]
[EventType "team-tourn"]
[EventRounds "11"]
[EventCountry "SVK"]
[SourceTitle "CBM 193 Extra"]
[Source "ChessBase"]
[SourceDate "2020.01.31"]
[SourceVersion "1"]
[SourceVersionDate "2020.01.31"]
[SourceQuality "1"]
[WhiteTeam "Zilina Mladost III"]
[BlackTeam "Zvolen Slavia"]
[WhiteTeamCountry "SVK"]
[BlackTeamCountry "SVK"]

1. d4 g6 2. c4 Bg7 3. Nc3 Nf6 4. e4 d6 5. f4 0-0 6. Nf3 e6 7. Be2 c6 8. e5 Ng4 9. h3 Nh6 10. 0-0 Nf5 11. Kh2 d5 12. g4 Ne7 13. cxd5 1/2-1/2

[Event "SVK-chT2C 1718"]
[Site "Slovakia"]
[Date "2017.11.26"]
[Round "4.8"]
[White "Kraml, Maros"]
[Black "Stevik, Patrik"]
[Result "1-0"]
[WhiteElo "1928"]
[BlackElo "1701"]
[PlyCount "165"]
[EventDate "2017.10.28"]
[EventType "team-tourn"]
[EventRounds "11"]
[EventCountry "SVK"]
[SourceTitle "CBM 181 Extra"]
[Source "ChessBase"]
[SourceDate "2017.12.12"]
[SourceVersion "1"]
[SourceVersionDate "2017.12.12"]
[SourceQuality "1"]
[WhiteTeam "Zvolen Slavia"]
[BlackTeam "Bziny"]
[WhiteTeamCountry "SVK"]
[BlackTeamCountry "SVK"]

1. e4 e5 2. Nf3 Nc6 3. Bb5 a6 4. Bxc6 dxc6 5. 0-0 Bg4 6. h3 h5 7. d3 Qf6 8. Nbd2 Ne7 9. Nc4 Bxf3 10. Qxf3 Qxf3 11. gxf3 f6 12. f4 Ng6 13. fxe5 Nxe5 14. Nxe5 fxe5 15. f4 Bc5+ 16. Kg2 exf4 17. Bxf4 0-0-0 18. Bg5 Rd6 19. h4 Rg6 20. Kh3 Re8 21. Rf5 Bd6 22. Raf1 b5 23. Bf4 Rh8 24. Rf7 a5 25. Bxd6 cxd6 26. Ra7 Kb8 27. Rff7 Rf8 28. Rxf8+ Kxa7 29. Rf5 Rg1 30. Rxh5 Rh1+ 31. Kg3 Ra1 32. Rg5 Kb6 33. h5 a4 34. a3 Rb1 35. Kh3 Rxb2 36. Rxg7 b4 37. axb4 a3 38. Rg8 a2 39. Ra8 Rxc2 40. h6 Rf2 41. h7 Rf8 42. Rxa2 Rh8 43. Kg4 Rxh7 44. d4 Kb5 45. Rc2 Rf7 46. e5 dxe5 47. dxe5 Rf8 48. e6 Kb6 49. Kg5 Rf1 50. Re2 Rg1+ 51. Kf6 Rf1+ 52. Kg7 Rg1+ 53. Kf6 Rf1+ 54. Ke5 Kc7 55. e7 Kd7 56. e8Q+ Kxe8 57. Kd6+ Kd8 58. Kxc6 Rf6+ 59. Kb7 Rf7+ 60. Kb8 Rf5 61. Rd2+ Ke7 62. Rd4 Ke6 63. Kc7 Ke5 64. Rd1 Rf7+ 65. Kc6 Rf6+ 66. Kc5 Rf2 67. b5 Rc2+ 68. Kb6 Rb2 69. Kc6 Rc2+ 70. Kb7 Ke6 71. b6 Rb2 72. Kc7 Rc2+ 73. Kb8 Rb2 74. b7 Rb3 75. Rd4 Rb1 76. Kc7 Rc1+ 77. Kb6 Rb1+ 78. Kc6 Ke7 79. Ra4 Rb2 80. Ra5 Rc2+ 81. Kb6 Kd7 82. b8Q Rc6+ 83. Kb5 1-0

[Event "SVK-ch Seniors"]
[Site "Tatranske Matliare"]
[Date "2013.06.09"]
[Round "9"]
[White "Knotek, Anton"]
[Black "Kraml, Maros"]
[Result "0-1"]
[WhiteElo "1897"]
[BlackElo "2051"]
[PlyCount "50"]
[EventDate "2013.06.02"]
[EventType "swiss"]
[EventRounds "9"]
[EventCountry "SVK"]
[SourceTitle "EXT 2023"]
[Source "ChessBase"]
[SourceDate "2022.10.05"]
[SourceVersion "1"]
[SourceVersionDate "2022.10.05"]
[SourceQuality "1"]

1. e4 e5 2. Nf3 Nc6 3. Nc3 Be7 4. d4 exd4 5. Nxd4 d6 6. Be3 Nf6 7. f3 Nxd4 8. Qxd4 0-0 9. 0-0-0 a6 10. g4 b5 11. h4 c5 12. Qd2 b4 13. Nd5 Nxd5 14. exd5 Bd7 15. Bd3 Bb5 16. b3 Qa5 17. Kb1 Bf6 18. Qh2 Rfe8 19. Bc1 Qb6 20. a4 bxa3 21. Bxa3 Bxd3 22. Rxd3 c4 23. Rdd1 cxb3 24. Qxd6 bxc2+ 25. Kxc2 Rac8+ 0-1

[Event "Tatry op"]
[Site "Tatranske Zruby"]
[Date "2012.09.26"]
[Round "5"]
[White "Bezuch, Martin"]
[Black "Kraml, Maros"]
[Result "1-0"]
[WhiteElo "2291"]
[BlackElo "2040"]
[PlyCount "55"]
[EventDate "2012.09.23"]
[EventType "swiss"]
[EventRounds "9"]
[EventCountry "SVK"]
[SourceTitle "CBM 150 Extra"]
[Source "ChessBase"]
[SourceDate "2012.10.19"]
[SourceVersion "1"]
[SourceVersionDate "2012.10.19"]
[SourceQuality "1"]

1. e4 e5 2. Nf3 Nc6 3. Bc4 Be7 4. d3 d6 5. c3 Nf6 6. Bb3 Bg4 7. Nbd2 0-0 8. h3 Bh5 9. Nf1 d5 10. Qe2 dxe4 11. dxe4 Na5 12. Bc2 Qd6 13. Ng3 Bg6 14. Nh4 c5 15. Nhf5 Qc7 16. 0-0 Rfe8 17. Qf3 Rad8 18. Ba4 Nc6 19. Bg5 a6 20. h4 c4 21. h5 Rd3 22. Nxe7+ Qxe7 23. Qe2 Qc5 24. Be3 Rxe3 25. fxe3 Bxe4 26. Rxf6 gxf6 27. Nxe4 Qe7 28. Rf1 1-0

[Event "Tatry op"]
[Site "Tatranske Zruby"]
[Date "2012.09.25"]
[Round "3"]
[White "Kraml, Maros"]
[Black "Jasny, Stanislav"]
[Result "1/2-1/2"]
[WhiteElo "2040"]
[BlackElo "2296"]
[PlyCount "57"]
[EventDate "2012.09.23"]
[EventType "swiss"]
[EventRounds "9"]
[EventCountry "SVK"]
[SourceTitle "CBM 150 Extra"]
[Source "ChessBase"]
[SourceDate "2012.10.19"]
[SourceVersion "1"]
[SourceVersionDate "2012.10.19"]
[SourceQuality "1"]

1. e4 c5 2. Nf3 Nc6 3. d4 cxd4 4. Nxd4 e5 5. Nb5 d6 6. c4 Be7 7. N1c3 a6 8. Na3 f5 9. Bd3 f4 10. Nd5 Nf6 11. Nxe7 Qxe7 12. Nc2 0-0 13. Qe2 Be6 14. Bd2 Rac8 15. Bc3 f3 16. gxf3 Nh5 17. Bd2 Nf4 18. Bxf4 Rxf4 19. Rg1 Qf7 20. Rg3 Rf8 21. Qd1 Rh4 22. Be2 Rxh2 23. Kd2 g6 24. Qg1 Rh6 25. b3 Qc7 26. Kc1 Qa5 27. Qd1 Qc3 28. f4 Qa5 29. f5 1/2-1/2

[Event "Tatry op"]
[Site "Tatranske Zruby"]
[Date "2012.09.23"]
[Round "1"]
[White "Kraml, Maros"]
[Black "Langner, Jakub"]
[Result "1/2-1/2"]
[WhiteElo "2040"]
[BlackElo "1965"]
[PlyCount "43"]
[EventDate "2012.09.23"]
[EventType "swiss"]
[EventRounds "9"]
[EventCountry "SVK"]
[SourceTitle "CBM 150 Extra"]
[Source "ChessBase"]
[SourceDate "2012.10.19"]
[SourceVersion "1"]
[SourceVersionDate "2012.10.19"]
[SourceQuality "1"]

1. e4 c5 2. Nf3 Nc6 3. d4 cxd4 4. Nxd4 Nf6 5. Nc3 d6 6. Be2 e6 7. Be3 Be7 8. 0-0 0-0 9. Nb3 a6 10. f4 b5 11. a3 Bb7 12. Bf3 Qc7 13. Qd2 Rad8 14. Qf2 Nd7 15. Rad1 Nc5 16. Nxc5 dxc5 17. Bxc5 Qxf4 18. Rxd8 Rxd8 19. Bxe7 Nxe7 20. Qb6 Rd7 21. Bh5 Nc8 22. Qc5 1/2-1/2

[Event "SVK-chT2C 1112"]
[Site "Slovakia"]
[Date "2011.12.03"]
[Round "5.5"]
[White "Mraz, Ondrej"]
[Black "Kraml, Maros"]
[Result "1-0"]
[WhiteElo "1978"]
[BlackElo "2049"]
[PlyCount "87"]
[EventDate "2011.10.08"]
[EventType "team-tourn"]
[EventRounds "11"]
[EventCountry "SVK"]
[SourceTitle "EXT 2013"]
[Source "ChessBase"]
[SourceDate "2012.11.22"]
[SourceVersion "1"]
[SourceVersionDate "2012.11.22"]
[SourceQuality "1"]
[WhiteTeam "Liptov Chess School II"]
[BlackTeam "Banska Bystrica Junior II"]
[WhiteTeamCountry "SVK"]
[BlackTeamCountry "SVK"]

1. e4 e5 2. d4 exd4 3. c3 dxc3 4. Bc4 d6 5. Nxc3 Nf6 6. Qb3 Qe7 7. Bg5 c6 8. Nge2 Nbd7 9. f3 Ne5 10. a4 Nxc4 11. Qxc4 Be6 12. Qd3 h6 13. Bh4 g5 14. Bg3 Nh5 15. Qd4 Rg8 16. Rd1 Nxg3 17. Nxg3 f6 18. 0-0 b6 19. Nf5 Bxf5 20. exf5 0-0-0 21. Qc4 Rg7 22. Qxc6+ Qc7 23. Qxc7+ Rxc7 24. Nd5 Rf7 25. Rc1+ Kb7 26. b4 Rc8 27. Rxc8 Kxc8 28. Re1 Kd7 29. b5 Bg7 30. Re6 Bh8 31. Kf2 h5 32. Ke3 Bg7 33. Kd4 Bh8 34. Nc3 Bg7 35. Kd5 Bf8 36. Ne4 Be7 37. Nxd6 Bxd6 38. Rxd6+ Kc7 39. Ke6 Rf8 40. Rd7+ Kb8 41. Ke7 Rc8 42. Rd8 Rxd8 43. Kxd8 a6 44. Ke7 1-0

[Event "SVK-chT2C 1112"]
[Site "Slovakia"]
[Date "2011.11.05"]
[Round "3.4"]
[White "Kraml, Maros"]
[Black "Zagrapan, Pavol"]
[Result "0-1"]
[WhiteElo "2049"]
[BlackElo "2139"]
[PlyCount "50"]
[EventDate "2011.10.08"]
[EventType "team-tourn"]
[EventRounds "11"]
[EventCountry "SVK"]
[SourceTitle "EXT 2013"]
[Source "ChessBase"]
[SourceDate "2012.11.22"]
[SourceVersion "1"]
[SourceVersionDate "2012.11.22"]
[SourceQuality "1"]
[WhiteTeam "Banska Bystrica Junior II"]
[BlackTeam "Cadca II"]
[WhiteTeamCountry "SVK"]
[BlackTeamCountry "SVK"]

1. e4 d5 2. exd5 Nf6 3. Nc3 Nxd5 4. Nxd5 Qxd5 5. d4 Nc6 6. Nf3 Bg4 7. Be2 0-0-0 8. c3 e5 9. 0-0 exd4 10. Nxd4 Bxe2 11. Qxe2 Nxd4 12. cxd4 Bd6 13. Be3 f5 14. Qd2 h6 15. Rfd1 g5 16. f3 Rhg8 17. Rac1 f4 18. Bf2 g4 19. Bh4 gxf3 20. Bxd8 Rxg2+ 21. Qxg2 fxg2 22. Bh4 f3 23. Bg3 h5 24. Bxd6 Qxd6 25. d5 Qb6+ 0-1

[Event "SVK-chT1E 1011"]
[Site "Slovakia"]
[Date "2010.12.11"]
[Round "3.6"]
[White "Kraml, Maros"]
[Black "Svrcek, Martin"]
[Result "1/2-1/2"]
[WhiteElo "2044"]
[BlackElo "1974"]
[PlyCount "152"]
[EventDate "2010.11.06"]
[EventType "team-tourn"]
[EventRounds "11"]
[EventCountry "SVK"]
[SourceTitle "EXT 2012"]
[Source "ChessBase"]
[SourceDate "2011.11.24"]
[SourceVersion "1"]
[SourceVersionDate "2011.11.24"]
[SourceQuality "1"]
[WhiteTeam "Banska Bystrica"]
[BlackTeam "Kysucke Nove Mesto"]
[WhiteTeamCountry "SVK"]
[BlackTeamCountry "SVK"]

1. e4 e6 2. d4 d5 3. exd5 exd5 4. Nf3 Nf6 5. Bd3 Bd6 6. 0-0 0-0 7. Bg5 h6 8. Bh4 Be6 9. c3 Nbd7 10. Nbd2 Bg4 11. Re1 c5 12. h3 Bh5 13. Qc2 Bxf3 14. Nxf3 Qc7 15. dxc5 Bxc5 16. Bxf6 Nxf6 17. Re2 Rad8 18. Rae1 Nh5 19. Kh1 Nf4 20. Rd2 Qb6 21. Bf1 Qf6 22. Nd4 Ne6 23. Red1 Nxd4 24. cxd4 Bb6 25. Bb5 a6 26. Bf1 Rfe8 27. b4 Re4 28. Qc3 Rde8 29. g3 Re1 30. Rxe1 Rxe1 31. Kg2 Qe6 32. Qf3 Kf8 33. a4 Qe4 34. Qxe4 Rxe4 35. f3 Rxd4 36. Rxd4 Bxd4 37. b5 a5 38. Bd3 Ke7 39. Kf1 Kd6 40. Ke2 Kc5 41. Kd2 Bf2 42. g4 Kd4 43. Bc2 b6 44. Bb3 g5 45. Bc2 Be3+ 46. Kd1 Kc3 47. Bh7 d4 48. Be4 d3 49. Bf5 Kd4 50. Be4 Bf4 51. Bc6 Ke3 52. Bd5 f6 53. Be4 Bd6 54. Bc6 Bb4 55. Be4 d2 56. Bd5 Kf2 57. Be4 Kg3 58. Bd5 Kxh3 59. Be4 Kh4 60. Bg6 Kg3 61. Be4 Kf4 62. Ke2 h5 63. gxh5 f5 64. Bc6 g4 65. fxg4 fxg4 66. h6 Bc3 67. h7 Kg3 68. Bd7 d1Q+ 69. Kxd1 Kf3 70. Kc2 Bf6 71. Kd3 g3 72. Kc4 Kf4 73. Bh3 Kg5 74. Bg2 Kh6 75. Be4 Kg7 76. Kd5 g2 1/2-1/2

[Event "SVK-chT2C 10/11"]
[Site "Slovakia"]
[Date "2010.10.23"]
[Round "1.6"]
[White "Kraml, Maros"]
[Black "Jakubec, Milan"]
[Result "1-0"]
[WhiteElo "2044"]
[BlackElo "2073"]
[PlyCount "102"]
[EventDate "2010.10.23"]
[EventType "team-tourn"]
[EventRounds "11"]
[EventCountry "SVK"]
[SourceTitle "EXT 2019"]
[Source "ChessBase"]
[SourceDate "2018.10.10"]
[SourceVersion "1"]
[SourceVersionDate "2018.10.10"]
[SourceQuality "1"]
[WhiteTeam "Banska Bystrica TH Junior "]
[BlackTeam "Sklene Patriots CC"]
[WhiteTeamCountry "SVK"]
[BlackTeamCountry "SVK"]

1. e4 e5 2. Nf3 Nc6 3. Bb5 a6 4. Bxc6 dxc6 5. 0-0 Bg4 6. h3 h5 7. d3 Qf6 8. Nbd2 Bc5 9. Nc4 Bxf3 10. Qxf3 Qxf3 11. gxf3 Bd6 12. f4 exf4 13. e5 Bc5 14. Bxf4 0-0-0 15. Rae1 Re8 16. Be3 Bxe3 17. Rxe3 Rh6 18. f4 Rg6+ 19. Kh2 b5 20. Nd2 Ne7 21. f5 Rg5 22. Ref3 g6 23. f6 Nd5 24. d4 h4 25. Ne4 Rh5 26. Ra3 Kb8 27. Nc5 Nb4 28. c3 Nc2 29. Rxa6 Ne3 30. Rf3 Nc4 31. Rxc6 Nxb2 32. e6 Rh7 33. e7 Rh5 34. Na6+ Kb7 35. Nxc7 Rc8 36. d5 Rxd5 37. Nxd5 Kxc6 38. Re3 Re8 39. Nf4 Nc4 40. Rd3 g5 41. Nh5 Ra8 42. Ng7 Rxa2+ 43. Kg1 Ra1+ 44. Kf2 Ra2+ 45. Kf3 Ne5+ 46. Ke4 Re2+ 47. Re3 Rxe3+ 48. Kxe3 Nc4+ 49. Kf3 Nd6 50. e8Q+ Nxe8 51. Nxe8 Kd5 1-0

[Event "SVK-ch op-A"]
[Site "Banska Stiavnica"]
[Date "2010.07.10"]
[Round "1"]
[White "Michalicka, Milan"]
[Black "Kraml, Maros"]
[Result "1/2-1/2"]
[WhiteElo "2196"]
[BlackElo "2080"]
[PlyCount "162"]
[EventDate "2010.07.10"]
[EventType "swiss"]
[EventRounds "9"]
[EventCountry "SVK"]
[SourceTitle "CBM 137 Extra"]
[Source "ChessBase"]
[SourceDate "2010.09.01"]
[SourceVersion "1"]
[SourceVersionDate "2010.09.01"]
[SourceQuality "1"]

1. d4 g6 2. c4 Bg7 3. Nc3 Nf6 4. e4 d6 5. Nf3 0-0 6. Be2 e5 7. 0-0 Nbd7 8. Re1 c5 9. d5 Nb6 10. Bf1 Nh5 11. a3 a5 12. Bd2 f5 13. exf5 Bxf5 14. Ng5 Nf6 15. f3 h6 16. Nge4 Nxe4 17. fxe4 Bd7 18. Be2 a4 19. Be3 Qc7 20. Rc1 Rf6 21. Qd2 Kh7 22. Rf1 Raf8 23. h3 Qc8 24. Kh2 Rxf1 25. Rxf1 Rxf1 26. Bxf1 Qf8 27. Bd3 Qf6 28. Qf2 Qe7 29. Bd2 Qe8 30. Qh4 Qf8 31. Bg5 Nc8 32. Kg1 Kg8 33. Bd2 Kh7 34. Be2 Nb6 35. Nd1 Nc8 36. Bg4 Nb6 37. Bxd7 Nxd7 38. Qg4 Nf6 39. Qf3 Qd8 40. Nc3 Qa5 41. g4 Qa6 42. Nb5 Qb6 43. Be1 Kg8 44. Kg2 Ne8 45. Qd1 Qa6 46. Qd2 b6 47. Qc2 Bf8 48. Bd2 Bg7 49. Kf3 Qa8 50. Nc3 Nf6 51. Qxa4 Qf8 52. Kg2 Qd8 53. Qd1 Ne8 54. Qf3 Qe7 55. Be3 Qa7 56. Qd1 Qe7 57. Qa4 Kf8 58. Qa8 Qh4 59. Bf2 Qe7 60. Nb5 Bf6 61. Qb8 Bg5 62. Qxb6 h5 63. Qb8 hxg4 64. hxg4 Bf4 65. Nxd6 Qxd6 66. Qxd6+ Nxd6 67. Bxc5 Ke7 68. b4 Kd7 69. Bxd6 Kxd6 70. c5+ Kc7 71. a4 Bd2 72. b5 Bb4 73. c6 Ba5 74. Kg3 g5 75. Kf3 Kd6 76. Ke3 Kc5 77. Kd3 Bb6 78. Kc3 Bc7 79. Kb3 Ba5 80. Ka3 Bc7 81. Kb3 Ba5 1/2-1/2

[Event "SVK-chT2C 0910"]
[Site "Slovakia"]
[Date "2010.02.28"]
[Round "11.3"]
[White "Magat, Jozef"]
[Black "Kraml, Maros"]
[Result "1/2-1/2"]
[WhiteElo "2066"]
[BlackElo "2053"]
[PlyCount "152"]
[EventDate "2009.10.10"]
[EventType "team-tourn"]
[EventRounds "11"]
[EventCountry "SVK"]
[SourceTitle "EXT 2011"]
[Source "ChessBase"]
[SourceDate "2010.11.26"]
[SourceVersion "1"]
[SourceVersionDate "2010.11.26"]
[SourceQuality "1"]
[WhiteTeam "Zilina Central"]
[BlackTeam "Banska Bystrica Junior II"]
[WhiteTeamCountry "SVK"]
[BlackTeamCountry "SVK"]

1. Nf3 g6 2. d4 Bg7 3. c4 Nf6 4. Nc3 0-0 5. g3 d6 6. Bg2 Nbd7 7. 0-0 c5 8. e3 a6 9. a4 Qc7 10. b3 Re8 11. Bb2 Nf8 12. Qc2 Bd7 13. Rfe1 Rab8 14. e4 cxd4 15. Nxd4 e5 16. Nf3 b5 17. axb5 axb5 18. Nd2 Rec8 19. Bf1 Ne6 20. Qd1 bxc4 21. Bxc4 Nc5 22. Ba3 Nxb3 23. Bxb3 Qxc3 24. Bxd6 Rb6 25. Be7 Bg4 26. f3 Bh3 27. Qe2 Rxb3 28. Nxb3 Qxb3 29. Rac1 Qb6+ 30. Qf2 Qe6 31. Rxc8+ Qxc8 32. Rd1 Ne8 33. Qd2 Bf8 34. Bxf8 Kxf8 35. g4 Kg7 36. Kf2 Nf6 37. Rc1 Qa8 38. Qe2 Bxg4 39. fxg4 Nxe4+ 40. Kg1 Qa7+ 41. Kg2 Qb7 42. Kg1 Qb6+ 43. Kg2 Qb7 44. Kg1 Qb6+ 45. Kf1 Qf6+ 46. Kg2 Ng5 47. Rc5 Ne6 48. Qxe5 Nxc5 49. Qxc5 h6 50. h3 Qb2+ 51. Kg3 Qa1 52. Kg2 g5 53. Qd5 Qb2+ 54. Kg3 Qf6 55. Kg2 Qf4 56. Qd7 Qe4+ 57. Kh2 h5 58. gxh5 Qe2+ 59. Kg3 Qxh5 60. Qd4+ f6 61. Qd7+ Qf7 62. Qc8 Kg6 63. Qc2+ f5 64. Qc8 Qb3+ 65. Kg2 Qd5+ 66. Kf2 Qd4+ 67. Kg2 Qe4+ 68. Kf2 Qf4+ 69. Kg2 Qd2+ 70. Kf3 Qd3+ 71. Kg2 Qe2+ 72. Kg1 Qe3+ 73. Kg2 Qe4+ 74. Kf2 f4 75. Qg8+ Kf6 76. Qf8+ Kg6 1/2-1/2

[Event "SVK-chT1E 0910"]
[Site "Slovakia"]
[Date "2010.01.16"]
[Round "6.3"]
[White "Kraml, Maros"]
[Black "Marsina, Stefan"]
[Result "0-1"]
[WhiteElo "2053"]
[BlackElo "1975"]
[PlyCount "60"]
[EventDate "2009.10.17"]
[EventType "team"]
[EventRounds "11"]
[EventCountry "SVK"]
[SourceTitle "EXT 2011"]
[Source "ChessBase"]
[SourceDate "2010.11.26"]
[SourceVersion "1"]
[SourceVersionDate "2010.11.26"]
[SourceQuality "1"]
[WhiteTeam "Banska Bystrica"]
[BlackTeam "Rajecke Teplice"]
[WhiteTeamCountry "SVK"]
[BlackTeamCountry "SVK"]

1. e4 e6 2. d4 d5 3. Nd2 Nf6 4. e5 Nfd7 5. f4 c5 6. Ngf3 cxd4 7. Nxd4 Nxe5 8. Nxe6 Bxe6 9. fxe5 Qh4+ 10. g3 Qd4 11. Nf3 Qxd1+ 12. Kxd1 Nc6 13. Bb5 Bc5 14. h3 0-0 15. Bxc6 bxc6 16. Ke2 Bf5 17. Be3 Bb6 18. Bxb6 axb6 19. Nd4 Bd7 20. Kd2 c5 21. Nf3 Ra4 22. c3 Re4 23. Rae1 Re8 24. g4 Bc6 25. Rhf1 h6 26. g5 hxg5 27. Rxe4 dxe4 28. Nxg5 Rxe5 29. Nxf7 Rh5 30. Nd8 Rd5+ 0-1

[Event "SVK-chT1E 0910"]
[Site "Slovakia"]
[Date "2009.11.14"]
[Round "3.3"]
[White "Kraml, Maros"]
[Black "Tatarko, Tomas"]
[Result "1-0"]
[WhiteElo "2053"]
[BlackElo "2046"]
[PlyCount "69"]
[EventDate "2009.10.17"]
[EventType "team"]
[EventRounds "11"]
[EventCountry "SVK"]
[SourceTitle "EXT 2011"]
[Source "ChessBase"]
[SourceDate "2010.11.26"]
[SourceVersion "1"]
[SourceVersionDate "2010.11.26"]
[SourceQuality "1"]
[WhiteTeam "Banska Bystrica"]
[BlackTeam "Sabinov"]
[WhiteTeamCountry "SVK"]
[BlackTeamCountry "SVK"]

1. e4 c5 2. Nf3 d6 3. d4 cxd4 4. Nxd4 Nf6 5. Nc3 a6 6. Be2 Qc7 7. 0-0 e5 8. Nb3 Be6 9. Be3 Be7 10. f4 Nbd7 11. Nd5 Bxd5 12. exd5 0-0 13. c4 Rfe8 14. Rc1 Bf8 15. f5 Ne4 16. Bd3 Nec5 17. Nxc5 Nxc5 18. f6 Nxd3 19. Qxd3 Qd7 20. Qe4 Rac8 21. Rf3 g6 22. Rcf1 b5 23. cxb5 axb5 24. b3 Qc7 25. Rg3 Qc2 26. Qh4 Qd3 27. Bf2 Qxd5 28. Rh3 h5 29. Qg5 Qe4 30. Rxh5 Qf5 31. Qxf5 gxf5 32. Rxf5 Rc3 33. Be1 Rd3 34. Rh5 Re6 35. Rff5 1-0

[Event "SVK-chT1E 0809"]
[Site "Slovakia"]
[Date "2008.11.23"]
[Round "4.6"]
[White "Kraml, Maros"]
[Black "Hujo, Jozef"]
[Result "1/2-1/2"]
[WhiteElo "2033"]
[BlackElo "2087"]
[PlyCount "41"]
[EventDate "2008.10.18"]
[EventType "team-tourn"]
[EventRounds "11"]
[EventCountry "SVK"]
[SourceTitle "EXT 2010"]
[Source "ChessBase"]
[SourceDate "2010.11.25"]
[SourceVersion "1"]
[SourceVersionDate "2010.11.25"]
[SourceQuality "1"]
[WhiteTeam "Banska Bystrica TH junior"]
[BlackTeam "Michalovce Zemplin"]
[WhiteTeamCountry "SVK"]
[BlackTeamCountry "SVK"]

1. e4 c6 2. d4 d5 3. Nd2 dxe4 4. Nxe4 Bf5 5. Ng3 Bg6 6. Nf3 Nd7 7. Be2 e6 8. 0-0 Be7 9. c3 h5 10. Re1 h4 11. Nf1 h3 12. Bf4 hxg2 13. Kxg2 Ngf6 14. Ne5 Bf5 15. Bf3 Nxe5 16. dxe5 Nd5 17. Bg3 Bg5 18. Bxd5 Qxd5+ 19. Qxd5 cxd5 20. Rad1 0-0-0 21. Rd4 1/2-1/2

[Event "SVK-chT1E 0809"]
[Site "Slovakia"]
[Date "2008.11.22"]
[Round "3.5"]
[White "Kraml, Maros"]
[Black "Najgebauer, Szemjon"]
[Result "0-1"]
[WhiteElo "2033"]
[BlackElo "2179"]
[PlyCount "66"]
[EventDate "2008.10.18"]
[EventType "team-tourn"]
[EventRounds "11"]
[EventCountry "SVK"]
[SourceTitle "EXT 2010"]
[Source "ChessBase"]
[SourceDate "2010.11.25"]
[SourceVersion "1"]
[SourceVersionDate "2010.11.25"]
[SourceQuality "1"]
[WhiteTeam "Banska Bystrica TH junior"]
[BlackTeam "Kosice Slavia UPJS II"]
[WhiteTeamCountry "SVK"]
[BlackTeamCountry "SVK"]

1. e4 c5 2. Nf3 Nc6 3. d4 cxd4 4. Nxd4 Nf6 5. Nc3 e5 6. Ndb5 d6 7. Bg5 a6 8. Bxf6 gxf6 9. Na3 b5 10. Nd5 Bg7 11. Bd3 Ne7 12. Nxe7 Qxe7 13. 0-0 0-0 14. c4 f5 15. cxb5 d5 16. f3 dxe4 17. fxe4 Rb8 18. Qe2 fxe4 19. Qxe4 f5 20. Qe2 axb5 21. Nxb5 Kh8 22. Kh1 Rb6 23. Rab1 e4 24. Bc4 Rh6 25. Rbc1 Be5 26. h3 Qg7 27. Qe3 f4 28. Qa7 Qg5 29. Qc5 Rg8 30. Bxg8 Bxh3 31. Qxe5+ Qxe5 32. gxh3 Rxh3+ 33. Kg2 Qg5+ 0-1